Introducción a la mecánica de sólidos (Registro nro. 36175)

Detalles MARC
001 - NÚMERO DE CONTROL
campo de control 68338
005 - FECHA Y HORA DE LA ÚLTIMA TRANSACCIÓN
campo de control 20260504074314.0
008 - DATOS DE LONGITUD FIJA--INFORMACIÓN GENERAL
campo de control de longitud fija 960313m19822001 spa
020 ## - NÚMERO INTERNACIONAL ESTÁNDAR DEL LIBRO
Número Internacional Estándar del Libro 9681804945
035 ## - NÚMERO DE CONTROL DEL SISTEMA
Número de control de sistema 68338
035 ## - NÚMERO DE CONTROL DEL SISTEMA
Número de control de sistema (OCoLC)778193103
040 ## - FUENTE DE LA CATALOGACIÓN
Centro/agencia transcriptor comduadb
041 ## - CÓDIGO DE LENGUA
Código de lengua del texto/banda sonora o título independiente spa
080 ## - NÚMERO DE LA CLASIFICACIÓN DECIMAL UNIVERSAL
Número de la Clasificación Decimal Universal BG
082 #4 - NÚMERO DE LA CLASIFICACIÓN DECIMAL DEWEY
Número de clasificación 530
100 10 - ENTRADA PRINCIPAL--NOMBRE DE PERSONA
Nombre de persona Popov, Egor P
Código de función aut
Término indicativo de función/relación Autor/a
9 (RLIN) 482306
245 10 - MENCIÓN DE TÍTULO
Título Introducción a la mecánica de sólidos
260 ## - PUBLICACIÓN, DISTRIBUCIÓN, ETC.
Lugar de publicación, distribución, etc. Medellín :
Nombre del editor, distribuidor, etc. Limusa,
Fecha de publicación, distribución, etc. 1982, 2001 (reimp.
300 ## - DESCRIPCIÓN FÍSICA
Extensión 652 páginas :
Otras características físicas ilustraciones
650 #7 - PUNTO DE ACCESO ADICIONAL DE MATERIA--TÉRMINO DE MATERIA
Término de materia o nombre geográfico como elemento de entrada Resistencia de materiales
Fuente del encabezamiento o término lemb
9 (RLIN) 32828
650 #7 - PUNTO DE ACCESO ADICIONAL DE MATERIA--TÉRMINO DE MATERIA
Término de materia o nombre geográfico como elemento de entrada Elasticidad
Fuente del encabezamiento o término lemb
9 (RLIN) 869
650 ## - PUNTO DE ACCESO ADICIONAL DE MATERIA--TÉRMINO DE MATERIA
Término de materia o nombre geográfico como elemento de entrada Sólidos
9 (RLIN) 2196
650 ## - PUNTO DE ACCESO ADICIONAL DE MATERIA--TÉRMINO DE MATERIA
Término de materia o nombre geográfico como elemento de entrada Cables
9 (RLIN) 24300
650 #7 - PUNTO DE ACCESO ADICIONAL DE MATERIA--TÉRMINO DE MATERIA
Término de materia o nombre geográfico como elemento de entrada Torsión
Fuente del encabezamiento o término lemb
9 (RLIN) 16590
650 ## - PUNTO DE ACCESO ADICIONAL DE MATERIA--TÉRMINO DE MATERIA
Término de materia o nombre geográfico como elemento de entrada Deformación del plástico
9 (RLIN) 39530
650 #7 - PUNTO DE ACCESO ADICIONAL DE MATERIA--TÉRMINO DE MATERIA
Término de materia o nombre geográfico como elemento de entrada Esfuerzos y deformaciones
Fuente del encabezamiento o término armarc
9 (RLIN) 51356
942 ## - ELEMENTOS DE ENTRADA AGREGADA (KOHA)
Tipo de ítem Koha Libros
Existencias
Estado de retiro Estado de pérdida Estado dañado No para préstamo Código de colección Localización permanente Ubicación/localización actual Fecha de adquisición Número de inventario Total de préstamos Signatura topográfica completa Código de barras Fecha visto por última vez Número de copia Precio válido a partir de Tipo de ítem Koha Fuente de adquisición Coste, precio normal de compra
        Colección General Piso 2 Biblioteca Carlos Gaviria Díaz, Campus Medellín Biblioteca Carlos Gaviria Díaz, Campus Medellín 23/10/1996 C110643   530.41 P829i 61000003770977 20/04/2023 1 20/04/2023 Libros    
        Colección General Piso 2 Biblioteca Carlos Gaviria Díaz, Campus Medellín Biblioteca Carlos Gaviria Díaz, Campus Medellín 05/12/2000 C664970   530.41 P829i e2 61000002518104 20/04/2023 2 20/04/2023 Libros Material adquirido por donación  
        Colección General Piso 2 Biblioteca Carlos Gaviria Díaz, Campus Medellín Biblioteca Carlos Gaviria Díaz, Campus Medellín 15/07/2004 C831489   530.41 P829i e3 0548800 20/04/2023 3 20/04/2023 Libros OB Marketing 65000.00
        Colección General Centro Documentación Ingeniería (Bl. 20-146) Centro Documentación Ingeniería (Bl. 20-146) 22/06/2018 C1287782   BG 02524 790476 29/01/2025 4 20/04/2023 Libros